| 000 | 01017cam a22003253a 4500 | ||
|---|---|---|---|
| 001 | 16407339 | ||
| 003 | OSt | ||
| 005 | 20140310181648.0 | ||
| 008 | 910713s1991 nyu j 000 1 eng d | ||
| 010 | _a 98810409 | ||
| 020 | _a0671674668 | ||
| 035 | _a(OCoLC)ocm24070287 | ||
| 040 |
_aJED _cJED _dSLC _dDLC |
||
| 050 | 0 | 0 |
_aPZ 8 _b.K26 1991 |
| 082 |
_aKF _bK25ndh 1991 |
||
| 100 | 1 |
_aKeene, Carolyn. _94653 |
|
| 245 | 1 | 0 |
_aA Nancy Drew & Hardy boys super mystery : _cCarolyn Keene. _bhigh survival / |
| 260 |
_aNew York : _bPocket Books, _cc1991. |
||
| 300 |
_a214 p. _c18 cm. |
||
| 490 | 1 | _aA Nancy Drew & Hardy boys super mystery | |
| 541 | _j1 | ||
| 562 | _e1 | ||
| 650 |
_a Adventure _xfiction _95200 |
||
| 650 |
_aMystery _xFiction _95201 |
||
| 655 | 7 |
_aYoung adult fiction. _2lcsh _93735 |
|
| 655 | 7 |
_aMystery fiction. _2gsafd _94089 |
|
| 710 | 2 |
_aCopyright Paperback Collection (Library of Congress) _5DLC _9705 |
|
| 906 |
_a7 _bcbc _ccopycat _d2 _encip _f19 _gy-genrareb |
||
| 942 |
_2lcc _cBK-KF _kKF |
||
| 999 |
_c934 _d934 |
||